[Event "TCh-TUR 2014"]
[Site "Konya TUR"]
[Date "2014.06.24"]
[Round "3.3"]
[White "Oz, Ozan"]
[Black "Aksakal, Boran"]
[Result "1-0"]
[WhiteElo "1793"]
[BlackElo "1622"]
[WhiteTeam "Karaman Saglik Spor Kulubu"]
[BlackTeam "Kayseri Seker Spor Kulubu"]
[WhiteFideId "6349188"]
[BlackFideId "6366511"]
[EventDate "2014.06.23"]

1. f4 d5 2. Nf3 Nf6 3. b3 g6 4. Bb2 Bg7 5. e3 Bf5 6. Bd3 Bxd3 7. cxd3 O-O 8. d4
Nbd7 9. Nc3 c5 10. Ne2 Ne4 11. d3 Qa5+ 12. Kf1 Nef6 13. h3 Rfe8 14. g4 Rac8 15.
Rg1 b5 16. Bc3 Qb6 17. Ne5 Nxe5 18. dxe5 Nd7 19. h4 c4 20. Bd4 Qb7 21. Ng3 Nc5
22. Bxc5 Rxc5 23. b4 Rc7 24. Ne2 Rec8 25. d4 c3 26. Qc2 Qc6 27. Nc1 Qc4+ 28. Nd3
Ra8 29. a4 Rb7 30. a5 e6 31. Kf2 Bf8 32. Rab1 Rc7 33. Kf3 Rd8 34. f5 Be7 35. f6
Bf8 36. g5 Rdd7 37. Rg4 a6 38. Rf4 Rc8 39. Rg4 Rcc7 40. Kf2 Rc8 41. Kf3 Rcc7 42.
h5 Rc8 43. Rh4 Rcc7 44. Rh3 Rc8 45. Rh2 Rcc7 46. Rh3 Rb7 47. Rb3 Rbc7 48. Rb1
Rc8 49. Nf4 Qc6 50. hxg6 fxg6 51. Nxg6 hxg6 52. Qxg6+ Bg7 53. Rbh1 Kf8 54. Rh8+ 1-0

[Event "TCh-TUR 2014"]
[Site "Konya TUR"]
[Date "2014.06.24"]
[Round "3.3"]
[White "Yazici, Ugur Doga"]
[Black "Karacan, Can Berk"]
[Result "1/2-1/2"]
[WhiteElo "1693"]
[BlackElo "1773"]
[WhiteTeam "Kayseri Seker Spor Kulubu"]
[BlackTeam "Karaman Saglik Spor Kulubu"]
[WhiteFideId "6363342"]
[BlackFideId "6347851"]
[EventDate "2014.06.23"]

1. e4 c5 2. Nf3 d6 3. Bb5+ Nc6 4. Bxc6+ bxc6 5. O-O Bg4 6. d3 e5 7. Nbd2 Nf6 8.
Re1 Nd7 9. h3 Be6 10. Nc4 Be7 11. c3 O-O 12. Ne3 d5 13. c4 f6 14. Qc2 Nb6 15.
Bd2 Qd7 16. Rad1 Qe8 17. Ba5 Qf7 18. b3 Rfb8 19. Nh4 g6 20. Nf3 d4 21. Nf1 g5
22. N3h2 Nd7 23. Ng3 Bd8 24. Bxd8 Rxd8 25. Nf5 Bxf5 26. exf5 Nb6 27. Nf1 Nc8 28.
g4 Nd6 29. Ng3 Rdb8 30. Rb1 a5 31. Kg2 Rb4 32. a3 Rb6 33. Rb2 Qb7 34. Reb1 Rb8
35. a4 Kf7 36. f3 Rb4 37. Ne4 1/2-1/2

[Event "TCh-TUR 2014"]
[Site "Konya TUR"]
[Date "2014.06.24"]
[Round "3.4"]
[White "Yelken, Mustafa"]
[Black "Galkin, Alexander"]
[Result "0-1"]
[BlackTitle "GM"]
[WhiteElo "2080"]
[BlackElo "2615"]
[WhiteTeam "Ego Spor Kulubu"]
[BlackTeam "Pausa"]
[WhiteFideId "6334482"]
[BlackFideId "4120426"]
[EventDate "2014.06.23"]

1. e4 c5 2. Nf3 e6 3. d4 cxd4 4. Nxd4 Nf6 5. Nc3 d6 6. Be3 a6 7. a4 Be7 8. Be2
O-O 9. O-O Nc6 10. Kh1 Bd7 11. Nb3 Na5 12. Qd2 Nxb3 13. cxb3 Bc6 14. f3 Qb8 15.
b4 Rd8 16. Bb6 Rc8 17. Rfd1 Be8 18. Bd4 Nd7 19. f4 Nf8 20. Rf1 b5 21. a5 Bc6 22.
f5 e5 23. Be3 Qb7 24. Bf3 h6 25. Rad1 Nh7 26. Qe2 Re8 27. Bf2 Rac8 28. h4 Qa8
29. Kh2 Bb7 30. Rfe1 Rc7 31. Qd3 Rec8 32. Re2 Rc4 33. Be1 Rxb4 34. Nd5 Bxd5 35.
Bxb4 Bc4 36. Qe3 Bxe2 37. Qxe2 Bxh4 38. Bxd6 Bf6 39. b4 Ng5 40. Bc5 Qb7 41. Rd5
Be7 42. Qe3 Bxc5 43. Rxc5 Rd8 44. Qc3 Qe7 45. Rc8 Kh7 46. Rxd8 Qxd8 47. Qxe5 Qd2
48. Kg3 Qxb4 49. f6 Qe1+ 50. Kg4 Qxa5 51. fxg7 Qb6 52. Kh4 Nxf3+ 53. gxf3 Qf2+ 0-1

[Event "TCh-TUR 2014"]
[Site "Konya TUR"]
[Date "2014.06.24"]
[Round "3.4"]
[White "Salepci, Osman Firat"]
[Black "Ercan, Fahri"]
[Result "1-0"]
[WhiteElo "2094"]
[BlackElo "2013"]
[WhiteTeam "Pausa"]
[BlackTeam "Ego Spor Kulubu"]
[WhiteFideId "6302343"]
[BlackFideId "6301525"]
[EventDate "2014.06.23"]

1. e4 c5 2. c3 d5 3. exd5 Qxd5 4. d4 e6 5. Nf3 Nc6 6. Be3 Nf6 7. c4 Qd8 8. Nc3
Ng4 9. d5 Nxe3 10. fxe3 Ne7 11. Bd3 Ng6 12. O-O Be7 13. Bxg6 hxg6 14. e4 g5 15.
e5 g4 16. d6 gxf3 17. Qxf3 f5 18. dxe7 Qxe7 19. Nb5 O-O 20. Rad1 a6 21. Nd6 Qg5
22. Rd3 Rb8 23. Qf2 f4 24. Qxc5 Bd7 25. Ne4 Qf5 26. Rxd7 Qxe4 27. Qd4 Qg6 28.
Kh1 Qg5 29. Qe4 Rf5 30. Rdd1 Rxe5 31. Qxf4 Qxf4 32. Rxf4 Re2 33. b3 e5 34. Rg4
Rf8 35. h3 Rf7 36. Rd8+ Kh7 37. Re8 b5 38. cxb5 axb5 39. Rg5 Rxa2 40. Rexe5 b4
41. Re4 Rf1+ 42. Kh2 Rb1 43. Rxb4 Rab2 44. Rg3 Kh6 45. Rh4# 1-0

[Event "TCh-TUR 2014"]
[Site "Konya TUR"]
[Date "2014.06.24"]
[Round "3.4"]
[White "Yalcin, Ozgun"]
[Black "Okus, Melih"]
[Result "0-1"]
[WhiteElo "1880"]
[BlackElo "1992"]
[WhiteTeam "Ego Spor Kulubu"]
[BlackTeam "Pausa"]
[WhiteFideId "6336400"]
[BlackFideId "6305407"]
[EventDate "2014.06.23"]

1. c4 e5 2. g3 d6 3. Bg2 Nf6 4. Nc3 Nc6 5. h3 g6 6. d3 Bg7 7. Nf3 O-O 8. e4 a6
9. O-O Rb8 10. Be3 b5 11. b3 Ne8 12. cxb5 axb5 13. d4 b4 14. Na4 Ba6 15. Re1
exd4 16. Nxd4 Nxd4 17. Bxd4 Bxd4 18. Qxd4 Ng7 19. Rac1 Ne6 20. Qd2 Qf6 21. Red1
Rfd8 22. Qe3 Bb5 23. Bf1 Bxa4 24. bxa4 c5 25. Bc4 Nd4 26. Bd5 Rd7 27. e5 dxe5
28. Rxc5 Rbd8 29. Qe4 Qb6 30. Rdc1 Rxd5 31. Rxd5 Rxd5 32. Qxd5 Ne2+ 33. Kg2 Nxc1
34. Qc4 b3 35. Qc8+ Kg7 36. Qxc1 b2 0-1

[Event "TCh-TUR 2014"]
[Site "Konya TUR"]
[Date "2014.06.24"]
[Round "3.4"]
[White "Ozen, Ali"]
[Black "Ciftci, Ergin"]
[Result "0-1"]
[WhiteElo "1719"]
[BlackElo "1942"]
[WhiteTeam "Pausa"]
[BlackTeam "Ego Spor Kulubu"]
[WhiteFideId "6307132"]
[BlackFideId "6341004"]
[EventDate "2014.06.23"]

1. e4 c5 2. Nf3 e6 3. d4 cxd4 4. Nxd4 a6 5. c4 Nf6 6. Nc3 Qc7 7. Nc2 b6 8. f4 d6
9. g4 Bb7 10. Qe2 h6 11. Bg2 Nbd7 12. O-O Rc8 13. Ne3 Be7 14. b3 b5 15. Ba3 Qb6
16. Kh1 Nc5 17. cxb5 Nxb3 18. axb3 Rxc3 19. Nc4 Qxb5 20. Bxd6 Rxb3 21. Ra5 Qd7
22. Rd1 O-O 23. Ne5 Qe8 24. g5 hxg5 25. fxg5 Nd5 26. exd5 Bxd6 27. Nc4 Bb4 28.
Ra2 exd5 29. Qxe8 Rxe8 30. Bxd5 Bxd5+ 31. Rxd5 Rc3 32. Ne5 a5 33. Nd3 Re3 34.
Nxb4 axb4 35. Rd1 Kh7 36. Rb2 b3 37. Rdd2 Kg6 38. Rg2 Re1+ 39. Rg1 Rxg1+ 40.
Kxg1 Rc1+ 0-1

[Event "TCh-TUR 2014"]
[Site "Konya TUR"]
[Date "2014.06.24"]
[Round "3.4"]
[White "Adanmis, Ezgi"]
[Black "Khurtsilava, Inga"]
[Result "0-1"]
[BlackTitle "WGM"]
[WhiteElo "1531"]
[BlackElo "2233"]
[WhiteTeam "Ego Spor Kulubu"]
[BlackTeam "Pausa"]
[WhiteFideId "6360017"]
[BlackFideId "13600419"]
[EventDate "2014.06.23"]

1. e4 c6 2. d4 d5 3. Nc3 dxe4 4. Nxe4 Nf6 5. Ng3 h5 6. h4 Bg4 7. Be2 Nbd7 8. Nf3
e6 9. Bg5 Qb6 10. b3 Bb4+ 11. Bd2 Bd6 12. c3 Qc7 13. Nf1 Ne4 14. Ne5 Nxe5 15.
dxe5 Bxe5 16. Bxg4 hxg4 17. Qxg4 Nxd2 18. Kxd2 O-O-O+ 19. Kc2 Bxc3 20. Rd1 Rxd1
21. Qxd1 Bf6 22. Ne3 Qa5 23. Kb1 Qc3 0-1

[Event "TCh-TUR 2014"]
[Site "Konya TUR"]
[Date "2014.06.24"]
[Round "3.4"]
[White "Ersoz, Bartu"]
[Black "Sumer, Gun"]
[Result "1/2-1/2"]
[WhiteElo "1918"]
[BlackElo "1956"]
[WhiteTeam "Pausa"]
[BlackTeam "Ego Spor Kulubu"]
[WhiteFideId "6324312"]
[BlackFideId "6311784"]
[EventDate "2014.06.23"]

1. e4 c5 2. Nf3 d6 3. d3 g6 4. g3 Bg7 5. Bg2 Nc6 6. O-O Nf6 7. Nbd2 O-O 8. Qe2
Bg4 9. h3 Nd4 10. Qd1 Bxf3 11. Nxf3 Rc8 12. c3 Nxf3+ 13. Qxf3 Nd7 14. Qe2 b5 15.
Be3 Nb6 16. Rad1 b4 17. d4 cxd4 18. Bxd4 bxc3 19. bxc3 Qc7 20. Rfe1 Na4 21. e5
dxe5 22. Bxe5 Bxe5 23. Qxe5 Nxc3 24. Rd2 Qxe5 25. Rxe5 Rc7 26. Bf1 Rb8 27. Rc2
e6 28. Ra5 Rb6 29. Ra3 Rbc6 30. h4 h5 31. Kg2 Kg7 32. Bd3 e5 33. Bf1 e4 34. Kg1
Kf6 35. Bg2 Rc5 36. Ra6+ Ke7 37. Ra3 a5 38. Bxe4 Nxe4 39. Re2 f5 40. f3 Rc1+ 41.
Kg2 R7c2 42. Re3 Rxe2+ 43. Rxe2 Rc4 44. fxe4 fxe4 45. Rb2 Ra4 46. Kf2 Ra3 47.
Re2 Kd6 48. Rxe4 Rxa2+ 49. Kf3 a4 50. Kf4 a3 51. Ra4 Rf2+ 52. Ke3 Rg2 53. Kf3
Ra2 54. Kf4 Kc5 55. Kg5 Kb5 56. Ra8 Kb4 57. Kxg6 Rg2 58. Kxh5 Rxg3 59. Kh6 Kb3
60. h5 a2 61. Kh7 Kb2 62. Rxa2+ 1/2-1/2

[Event "TCh-TUR 2014"]
[Site "Konya TUR"]
[Date "2014.06.24"]
[Round "3.4"]
[White "Tepe, Efe Can"]
[Black "Ozen, Batuhan"]
[Result "1-0"]
[WhiteElo "1817"]
[BlackElo "1691"]
[WhiteTeam "Ego Spor Kulubu"]
[BlackTeam "Pausa"]
[WhiteFideId "6348297"]
[BlackFideId "6345123"]
[EventDate "2014.06.23"]

1. e4 c5 2. Nf3 Nc6 3. d4 cxd4 4. Nxd4 g6 5. Nxc6 bxc6 6. Qd4 Nf6 7. e5 Nd5 8.
c4 Qb6 9. Qe4 Nc7 10. Nc3 Bb7 11. c5 Qxc5 12. Be3 Qa5 13. Bc4 Bg7 14. f4 Ne6 15.
O-O O-O-O 16. Rab1 d5 17. exd6 Rxd6 18. f5 Nc7 19. b4 Qe5 20. Qxe5 Bxe5 21. Ne4
Rdd8 22. Bxf7 Kb8 23. Bc5 Nd5 24. g3 Ba6 25. Rf3 Nf6 26. Nxf6 Bxf6 27. fxg6 hxg6
28. Bxg6 Rd2 29. Rf2 Rhd8 30. Be4 Bb5 31. Be3 Bd4 32. Bxd4 R8xd4 33. Rxd2 Rxd2
34. a3 Kc7 35. Re1 Bc4 36. h4 Kd6 37. h5 e5 38. h6 Ke6 39. h7 Rd8 40. Kg2 Bd5
41. Kf3 Rh8 42. Rh1 Kf6 43. g4 Kg5 44. Rh5+ Kf6 45. Ke3 1-0

[Event "TCh-TUR 2014"]
[Site "Konya TUR"]
[Date "2014.06.24"]
[Round "3.4"]
[White "Dursun, Poyraz"]
[Black "Zengin, Hande"]
[Result "1-0"]
[WhiteElo "1421"]
[BlackElo "1616"]
[WhiteTeam "Pausa"]
[BlackTeam "Ego Spor Kulubu"]
[WhiteFideId "6382304"]
[BlackFideId "6360009"]
[EventDate "2014.06.23"]

1. e4 e5 2. Nf3 Nc6 3. Bc4 Nf6 4. Ng5 d5 5. exd5 Na5 6. Bb5+ c6 7. dxc6 bxc6 8.
Qf3 Bb7 9. Bd3 h6 10. Ne4 Nd5 11. O-O Nf4 12. Re1 Be7 13. Bf1 O-O 14. d3 Qc7 15.
Bxf4 exf4 16. Nbd2 c5 17. Qd1 f5 18. Nc3 Bf6 19. Rb1 Rad8 20. Qh5 Qc6 21. Qh3
Ba8 22. Be2 Qd7 23. Bf3 Nc6 24. Nb3 Be7 25. a3 Kh7 26. Rbd1 g5 27. Qh5 Bd6 28.
Bd5 Ne7 29. Bxa8 Rxa8 30. Qe2 Ng6 31. Qe6 Qc6 32. Qd5 Qxd5 33. Nxd5 Rad8 34. Nc3
Bb8 35. Nxc5 Rd6 36. Re6 Rxe6 37. Nxe6 Re8 38. Nd4 Be5 39. Re1 Rf8 40. Nde2 Rb8
41. Rb1 Nh4 42. d4 Bd6 43. a4 a6 44. b3 Re8 45. f3 Bb4 46. Rd1 Kg6 47. d5 Bc5+
48. Kf1 Bd6 49. Nd4 Kf6 50. Ne6 Rc8 51. Rd3 Bb4 52. Na2 Bd6 53. c4 Ng6 54. Nc1
Ne5 55. Rd1 a5 56. Nd3 Nxd3 57. Rxd3 Ke5 58. Ke2 Bb4 59. Rd1 Kf6 60. Kd3 Ke5 61.
Rc1 Kd6 62. Kd4 Bc5+ 63. Nxc5 Rxc5 64. Re1 1-0

[Event "TCh-TUR 2014"]
[Site "Konya TUR"]
[Date "2014.06.24"]
[Round "3.5"]
[White "Maghalashvili, Davit"]
[Black "Mammadov, Zaur"]
[Result "1/2-1/2"]
[WhiteTitle "GM"]
[BlackTitle "IM"]
[WhiteElo "2515"]
[BlackElo "2459"]
[WhiteTeam "Ataturk Universitesi Spor Kulubu"]
[BlackTeam "Burdur 90.Yil Spor Kulubu"]
[WhiteFideId "13602276"]
[BlackFideId "13401033"]
[EventDate "2014.06.23"]

1. d4 e6 2. e4 d5 3. Nc3 dxe4 4. Nxe4 Nd7 5. Nf3 Ngf6 6. Bg5 h6 7. Bxf6 Nxf6 8.
Bd3 c5 9. Qe2 cxd4 10. Bb5+ Nd7 11. Nxd4 Be7 12. O-O-O a6 13. Qg4 axb5 14. Qxg7
Rf8 15. Nxe6 fxe6 16. Qg6+ Rf7 17. Qg8+ Rf8 18. Qg6+ Rf7 19. Qg8+ 1/2-1/2

[Event "TCh-TUR 2014"]
[Site "Konya TUR"]
[Date "2014.06.24"]
[Round "3.5"]
[White "Miyak, Melih Burak"]
[Black "Azaladze, Shota"]
[Result "1-0"]
[BlackTitle "IM"]
[WhiteElo "2095"]
[BlackElo "2499"]
[WhiteTeam "Burdur 90.Yil Spor Kulubu"]
[BlackTeam "Ataturk Universitesi Spor Kulubu"]
[WhiteFideId "6300618"]
[BlackFideId "13603027"]
[EventDate "2014.06.23"]

1. c4 c5 2. Nf3 g6 3. d4 Bg7 4. d5 Nf6 5. Nc3 O-O 6. e4 e6 7. Be2 exd5 8. exd5
d6 9. O-O Re8 10. h3 Bf5 11. Bd3 Ne4 12. Nxe4 Bxe4 13. Bxe4 Rxe4 14. Qd3 Re8 15.
Rb1 Na6 16. a3 Nc7 17. b4 b6 18. bxc5 dxc5 19. Rd1 Qd6 20. g3 Rad8 21. Bf4 Qd7
22. Bxc7 Qxc7 23. Kg2 Qc8 24. Re1 Bf6 25. Rxe8+ Rxe8 26. Re1 Rd8 27. a4 Kg7 28.
Re2 Qd7 29. Qb3 Qf5 30. a5 bxa5 31. Qa3 Rb8 32. Qxc5 a4 33. Qxa7 Rb3 34. Nd4 Qd3
35. Ne6+ Kh6 36. Qxf7 Qf3+ 37. Kh2 Bh8 38. Re4 g5 39. Nxg5 Kxg5 40. h4+ 1-0

[Event "TCh-TUR 2014"]
[Site "Konya TUR"]
[Date "2014.06.24"]
[Round "3.5"]
[White "Kaban, Erhan"]
[Black "Bayik, Hasan"]
[Result "1-0"]
[WhiteElo "1992"]
[BlackElo "2042"]
[WhiteTeam "Ataturk Universitesi Spor Kulubu"]
[BlackTeam "Burdur 90.Yil Spor Kulubu"]
[WhiteFideId "6330231"]
[BlackFideId "6318398"]
[EventDate "2014.06.23"]

1. Nf3 d5 2. g3 Nf6 3. Bg2 g6 4. d3 Bg7 5. O-O O-O 6. Nbd2 Nc6 7. h3 e5 8. e4
dxe4 9. dxe4 b6 10. Re1 Ba6 11. b3 Qd7 12. Bb2 Rad8 13. g4 Bh6 14. Nf1 Qxd1 15.
Raxd1 Rxd1 16. Rxd1 Be2 17. Re1 Bxf3 18. Bxf3 Rd8 19. Kg2 Bf4 20. Be2 a5 21. f3
Nb4 22. c3 Nc6 23. Ba3 Bd2 24. Rd1 Bg5 25. Rd3 Ne8 26. Ng3 Ng7 27. Rxd8+ Nxd8
28. Bc4 Nge6 29. Ne2 Bd2 30. h4 Kg7 31. Kf2 Nc5 32. Bxc5 bxc5 33. Bd5 Kf6 34.
Kf1 c6 35. Bc4 Ne6 36. Bxe6 Kxe6 37. c4 a4 38. bxa4 Kd7 39. Kf2 Kc7 40. Ng3 Kb6
41. Nf1 Bc3 42. Ke2 Ka5 43. h5 Kxa4 44. hxg6 fxg6 45. g5 Kb4 46. Ne3 Bb2 47. Kd2
Ka3 48. Ng4 Kxa2 49. Nf6 Kb3 50. Kd3 Bc1 51. Nxh7 Kb2 52. Nf8 Bxg5 53. Nxg6 Bf6
54. f4 exf4 55. Nxf4 Kb3 56. Ng6 Kb4 57. e5 Bd8 58. e6 Ka5 59. e7 Bxe7 60. Nxe7
Kb6 61. Ng6 Kc7 62. Nf4 1-0

[Event "TCh-TUR 2014"]
[Site "Konya TUR"]
[Date "2014.06.24"]
[Round "3.5"]
[White "Saba, Zafer Rabin"]
[Black "Alaca, Ali"]
[Result "1/2-1/2"]
[WhiteElo "1895"]
[BlackElo "1959"]
[WhiteTeam "Burdur 90.Yil Spor Kulubu"]
[BlackTeam "Ataturk Universitesi Spor Kulubu"]
[WhiteFideId "6329500"]
[BlackFideId "6306705"]
[EventDate "2014.06.23"]

1. d4 Nf6 2. Nf3 d5 3. c4 e6 4. g3 Be7 5. Bg2 O-O 6. O-O dxc4 7. Qc2 a6 8. Qxc4
b5 9. Qc2 Bb7 10. Bd2 Be4 11. Qc1 Nbd7 12. Ba5 Bd6 13. Nbd2 Bb7 14. Qc2 Rc8 15.
b4 Qe7 16. a3 e5 17. e3 e4 18. Ne1 Qe6 19. Rc1 Bd5 20. Qb2 Nb6 21. Bxb6 cxb6 22.
Nc2 Rc7 23. Na1 Rfc8 24. Rxc7 Rxc7 25. Rc1 h5 26. Rxc7 Bxc7 27. Qc2 Bd6 28. h4
g6 29. Nab3 Kg7 30. Nc1 Qg4 31. Nf1 g5 32. hxg5 Qxg5 33. Ne2 h4 34. gxh4 Qxh4
35. Neg3 Qg4 36. Nh2 Qg6 37. Nhf1 Qg4 38. Nh2 Qg6 39. Nhf1 1/2-1/2

[Event "TCh-TUR 2014"]
[Site "Konya TUR"]
[Date "2014.06.24"]
[Round "3.5"]
[White "Bulduk, Ibrahim Ege"]
[Black "Ulvi, Muhammed Ikbal"]
[Result "1-0"]
[WhiteElo "1833"]
[BlackElo "1758"]
[WhiteTeam "Burdur 90.Yil Spor Kulubu"]
[BlackTeam "Ataturk Universitesi Spor Kulubu"]
[WhiteFideId "6310621"]
[BlackFideId "6394698"]
[EventDate "2014.06.23"]

1. e4 c5 2. Nf3 Nc6 3. d4 cxd4 4. Nxd4 Nf6 5. Nc3 d6 6. Be3 e5 7. Nb3 Be7 8. Be2
O-O 9. h3 a5 10. O-O a4 11. Nd2 a3 12. b3 d5 13. exd5 Nxd5 14. Nxd5 Qxd5 15. Bc4
Qa5 16. Qh5 Nb4 17. Ne4 Be6 18. Bxe6 fxe6 19. Bg5 Rae8 20. c4 Nc6 21. Rad1 Qc7
22. Bxe7 Rxe7 23. Rfe1 Rf5 24. Qh4 Rf4 25. Qg5 Rf5 26. Qg3 Rd7 27. Nc5 Re7 28.
Ne4 b6 29. Rd2 Rd7 30. Red1 Nd4 31. Qe3 Qd8 32. b4 Qh4 33. Ng3 Rf8 34. Qxe5 Rfd8
35. Kh1 Kh8 36. Ne4 Rf7 37. Rxd4 Rdf8 38. Rd7 h6 39. Rxf7 Rxf7 40. Qxe6 Re7 41.
Rd8+ Kh7 42. Qf5+ g6 43. Qf8 1-0

[Event "TCh-TUR 2014"]
[Site "Konya TUR"]
[Date "2014.06.25"]
[Round "4.1"]
[White "Galkin, Alexander"]
[Black "Volkov, Sergey"]
[Result "1/2-1/2"]
[WhiteTitle "GM"]
[BlackTitle "GM"]
[WhiteElo "2615"]
[BlackElo "2579"]
[WhiteTeam "Pausa"]
[BlackTeam "Kocaeli Buyuksehir Belediyesi Kagit Spor"]
[WhiteFideId "4120426"]
[BlackFideId "4122763"]
[EventDate "2014.06.23"]

1. c4 c6 2. g3 d5 3. Bg2 Nf6 4. Qa4 Nbd7 5. cxd5 cxd5 6. Nc3 e6 7. Nf3 Be7 8. d4
O-O 9. Bf4 Nh5 10. Bd2 Nb6 11. Qb3 Nc4 12. O-O Nf6 13. Bf4 Nh5 14. Bc1 Nf6 15.
Bf4 Nh5 16. Bc1 Nf6 17. Bf4 Nh5 1/2-1/2

[Event "TCh-TUR 2014"]
[Site "Konya TUR"]
[Date "2014.06.25"]
[Round "4.1"]
[White "Yeke, Serkan"]
[Black "Salepci, Osman Firat"]
[Result "0-1"]
[WhiteTitle "FM"]
[WhiteElo "2235"]
[BlackElo "2094"]
[WhiteTeam "Kocaeli Buyuksehir Belediyesi Kagit Spor"]
[BlackTeam "Pausa"]
[WhiteFideId "6301142"]
[BlackFideId "6302343"]
[EventDate "2014.06.23"]

1. d4 Nf6 2. c4 e6 3. Nc3 c5 4. d5 exd5 5. cxd5 d6 6. e4 g6 7. Bd3 Bg7 8. Nge2
O-O 9. O-O Na6 10. f3 Nc7 11. Be3 Rb8 12. Rb1 Qe7 13. Qd2 Re8 14. Bf2 Bd7 15. b4
b6 16. a4 Rec8 17. Rfc1 Kh8 18. a5 Kg8 19. Qa2 Bh6 20. Rd1 Be8 21. bxc5 bxc5 22.
Rxb8 Rxb8 23. Rb1 Nd7 24. f4 Bg7 25. Rxb8 Nxb8 26. e5 Nba6 27. exd6 Qxd6 28. Ne4
Qd8 29. Bxa6 Nxa6 30. Nxc5 Nb4 31. Qd2 Nxd5 32. Nb7 Qd7 33. Nc5 Qb5 34. h3 Bc6
35. a6 Bf8 36. Qc2 Nb4 37. Qc3 Qxe2 38. Qxb4 Qd1+ 39. Kh2 Qf1 0-1

[Event "TCh-TUR 2014"]
[Site "Konya TUR"]
[Date "2014.06.25"]
[Round "4.1"]
[White "Okus, Melih"]
[Black "Ersahin, Bulent"]
[Result "0-1"]
[WhiteElo "1992"]
[BlackElo "2196"]
[WhiteTeam "Pausa"]
[BlackTeam "Kocaeli Buyuksehir Belediyesi Kagit Spor"]
[WhiteFideId "6305407"]
[BlackFideId "6302670"]
[EventDate "2014.06.23"]

1. e4 c5 2. Nc3 Nc6 3. g3 g6 4. Bg2 Bg7 5. d3 d6 6. Nge2 e6 7. Be3 Nd4 8. O-O
Ne7 9. Qd2 O-O 10. f4 Rb8 11. Rf2 Bd7 12. Raf1 f5 13. Nd1 b5 14. g4 fxg4 15. Ng3
h5 16. c3 Ndc6 17. f5 exf5 18. Bh6 Ne5 19. exf5 Nxf5 20. Bd5+ Kh7 21. Bxg7 Kxg7
22. Ne3 Nf3+ 23. Bxf3 Nxg3 24. hxg3 gxf3 25. Rxf3 Rxf3 26. Rxf3 Bc6 27. Nf5+
gxf5 28. Rxf5 Kg6 29. g4 hxg4 30. Qf4 Qh4 31. Qxd6+ Kxf5 32. Qxc5+ Kg6 0-1

[Event "TCh-TUR 2014"]
[Site "Konya TUR"]
[Date "2014.06.25"]
[Round "4.1"]
[White "Kucumenler, Tarkan"]
[Black "Ozen, Ali"]
[Result "1-0"]
[WhiteElo "2088"]
[BlackElo "1719"]
[WhiteTeam "Kocaeli Buyuksehir Belediyesi Kagit Spor"]
[BlackTeam "Pausa"]
[WhiteFideId "6301010"]
[BlackFideId "6307132"]
[EventDate "2014.06.23"]

1. d4 Nf6 2. c4 g6 3. Nc3 d5 4. Nf3 Bg7 5. g3 O-O 6. Qb3 dxc4 7. Qxc4 Be6 8. Qa4
Nd5 9. Bg2 c5 10. e3 Nc6 11. Ng5 Nxc3 12. bxc3 Bd7 13. Qa3 e5 14. d5 Na5 15. O-O
h6 16. Ne4 Bb5 17. Rd1 Be2 18. Re1 Bc4 19. Nxc5 b6 20. Nb3 Bxb3 21. axb3 e4 22.
Bxe4 Bxc3 23. Bb2 Bxe1 24. Rxe1 Qe8 25. Qb4 Rc8 26. Qd4 f6 27. d6 Qd7 28. b4 Nc6
29. Qd5+ Kg7 30. Bc3 Rfe8 31. b5 Ne5 32. Bb4 Rc4 33. Rb1 Rec8 34. Ba3 Qg4 35.
Qb7+ Qd7 36. Qd5 Rc3 37. Ra1 Qh3 38. Bg2 Qf5 39. Be4 Qh3 40. Bg2 Qg4 41. Bb2
R3c5 42. Qb7+ Nd7 43. h3 Qe6 44. Bc6 Rd8 45. Rxa7 Qxh3 46. Bxd7 Qh5 1-0

[Event "TCh-TUR 2014"]
[Site "Konya TUR"]
[Date "2014.06.25"]
[Round "4.1"]
[White "Khurtsilava, Inga"]
[Black "Nikolova, Adriana"]
[Result "1/2-1/2"]
[WhiteTitle "WGM"]
[BlackTitle "WGM"]
[WhiteElo "2233"]
[BlackElo "2303"]
[WhiteTeam "Pausa"]
[BlackTeam "Kocaeli Buyuksehir Belediyesi Kagit Spor"]
[WhiteFideId "13600419"]
[BlackFideId "2908689"]
[EventDate "2014.06.23"]

1. d4 d5 2. Nf3 Nf6 3. e3 c5 4. Nbd2 cxd4 5. exd4 Bf5 6. c3 e6 7. Ne5 Nbd7 8. g4
Be4 9. Nxe4 dxe4 10. Qb3 Qb6 11. Bb5 a6 12. Nxd7 Qxb5 13. Nxf6+ gxf6 14. Qxb5+
axb5 15. Bf4 Kd7 16. Ke2 h5 17. g5 fxg5 18. Bxg5 Rg8 19. h4 Be7 20. Rhg1 f6 21.
Bd2 Rxg1 22. Rxg1 Rxa2 23. Rg7 Rxb2 24. Rh7 b4 25. cxb4 Ke8 26. Rh8+ Kd7 27. Rh7
Ke8 28. Rh8+ Kd7 29. Rh7 Ke8 30. Rh8+ Kd7 31. Rh7 Ke8 32. Rh8+ 1/2-1/2

[Event "TCh-TUR 2014"]
[Site "Konya TUR"]
[Date "2014.06.25"]
[Round "4.1"]
[White "Gundogan, Cem"]
[Black "Ersoz, Bartu"]
[Result "1/2-1/2"]
[WhiteElo "2054"]
[BlackElo "1918"]
[WhiteTeam "Kocaeli Buyuksehir Belediyesi Kagit Spor"]
[BlackTeam "Pausa"]
[WhiteFideId "6311032"]
[BlackFideId "6324312"]
[EventDate "2014.06.23"]

1. e4 c5 2. Nc3 e6 3. Nf3 Nf6 4. e5 Nd5 5. Nxd5 exd5 6. d4 d6 7. exd6 Bxd6 8.
dxc5 Bxc5 9. Bb5+ Bd7 10. Qe2+ Be7 11. O-O O-O 12. Bxd7 Nxd7 13. Be3 Bf6 14. c3
Nb6 15. Qb5 Nc4 16. Bf4 Nb6 17. Rfe1 Rc8 18. Rad1 Rc6 19. Ne5 Re6 20. Ng4 Bg5
21. Bxg5 Qxg5 22. Ne3 Rfe8 23. Rf1 a6 24. Qd3 Rg6 25. f4 Qh4 26. Rf3 h6 27. g3
Qh5 28. Kg2 Rge6 29. Qf5 Qxf5 30. Nxf5 Nc4 31. b3 Re2+ 32. Rf2 Ne3+ 33. Nxe3
R8xe3 34. Rxd5 Rxf2+ 35. Kxf2 1/2-1/2

[Event "TCh-TUR 2014"]
[Site "Konya TUR"]
[Date "2014.06.25"]
[Round "4.1"]
[White "Ozen, Batuhan"]
[Black "Kilic, Efe Mert"]
[Result "1/2-1/2"]
[WhiteElo "1691"]
[BlackElo "1859"]
[WhiteTeam "Pausa"]
[BlackTeam "Kocaeli Buyuksehir Belediyesi Kagit Spor"]
[WhiteFideId "6345123"]
[BlackFideId "6354327"]
[EventDate "2014.06.23"]

1. e4 c5 2. c3 d5 3. exd5 Qxd5 4. d4 Nc6 5. Nf3 Bg4 6. Be2 cxd4 7. cxd4 e6 8.
O-O Nf6 9. Nc3 Qa5 10. Be3 Be7 11. Qb3 Qb4 12. Qxb4 Bxb4 13. Rfd1 Rd8 14. Rac1
O-O 15. h3 Bh5 16. Kf1 a6 17. Na4 Nd5 18. a3 Bd6 19. g4 Bg6 20. Bxa6 Nxd4 21.
Nxd4 bxa6 22. Nc6 Ra8 1/2-1/2